[Event "London Classic U2050 op 10th"]
[Site "London"]
[Date "2018.12.16"]
[Round "5"]
[White "Cannon, Richard James"]
[Black "Atkins, Rita"]
[Result "1-0"]
[WhiteElo "2020"]
[BlackElo "2078"]
[PlyCount "67"]
[EventDate "2018.12.14"]
[EventType "swiss"]
[EventRounds "5"]
[EventCountry "ENG"]
[SourceTitle "CBM 187 Extra"]
[Source "ChessBase"]
[SourceDate "2018.11.04"]
[SourceVersion "1"]
[SourceVersionDate "2018.11.04"]
[SourceQuality "1"]

1. e4 e6 2. Nf3 d5 3. Nc3 Nf6 4. e5 Nfd7 5. d4 c5 6. dxc5 Bxc5 7. Bd3 Nc6 8. Bf4 Qb6 9. 0-0 Qxb2 10. Nb5 Rb8 11. Qe2 Qb4 12. Bd2 Qa4 13. Nc3 Qg4 14. h3 Qh5 15. Bf4 Nb4 16. g4 Qxh3 17. Ng5 Qh4 18. Kg2 Nxd3 19. cxd3 Qh6 20. Nxd5 Qg6 21. Nc7+ Kd8 22. Nb5 a6 23. d4 Be7 24. Nd6 Bxd6 25. exd6 b5 26. f3 h6 27. Ne4 Bb7 28. Kf2 h5 29. g5 Rc8 30. Rac1 Bc6 31. d5 Bxd5 32. Rxc8+ Kxc8 33. Rc1+ Kb8 34. Rc7 1-0

[Event "London Classic U2050 op 10th"]
[Site "London"]
[Date "2018.12.15"]
[Round "3"]
[White "Hymer, Barry J"]
[Black "Atkins, Rita"]
[Result "1/2-1/2"]
[WhiteElo "1850"]
[BlackElo "2078"]
[PlyCount "63"]
[EventDate "2018.12.14"]
[EventType "swiss"]
[EventRounds "5"]
[EventCountry "ENG"]
[SourceTitle "CBM 187 Extra"]
[Source "ChessBase"]
[SourceDate "2018.11.04"]
[SourceVersion "1"]
[SourceVersionDate "2018.11.04"]
[SourceQuality "1"]

1. d4 d5 2. Nf3 c6 3. e3 Bg4 4. h3 Bh5 5. b3 e6 6. Bb2 Nf6 7. Nbd2 Be7 8. Be2 Bg6 9. Ne5 Nbd7 10. 0-0 Nxe5 11. dxe5 Nd7 12. Bd3 Qc7 13. Nf3 Rd8 14. Qe2 0-0 15. Bxg6 hxg6 16. Rfd1 c5 17. e4 d4 18. c3 d3 19. Rxd3 c4 20. Rdd1 Nxe5 21. Nxe5 Qxe5 22. Qxc4 b5 23. Qe2 Bf6 24. Rab1 Rxd1+ 25. Rxd1 b4 26. Rd4 Qa5 27. Rxb4 Qxa2 28. e5 Be7 29. Ra4 Qxb3 30. Rxa7 Bc5 31. Rd7 Qb6 32. c4 1/2-1/2

[Event "Balaton op 36th"]
[Site "Balatonlelle"]
[Date "2018.06.16"]
[Round "5"]
[White "Ronce, Nathan"]
[Black "Atkins, Rita"]
[Result "1/2-1/2"]
[WhiteElo "2210"]
[BlackElo "2071"]
[PlyCount "63"]
[EventDate "2018.06.12"]
[EventType "swiss"]
[EventRounds "9"]
[EventCountry "HUN"]
[SourceTitle "CBM 185 Extra"]
[Source "ChessBase"]
[SourceDate "2018.07.29"]
[SourceVersion "1"]
[SourceVersionDate "2018.07.29"]
[SourceQuality "1"]

1. e4 e6 2. d4 d5 3. Bd3 c5 4. exd5 exd5 5. Nf3 c4 6. Be2 Nf6 7. 0-0 Be7 8. b3 cxb3 9. axb3 0-0 10. c4 Nc6 11. Nc3 Bg4 12. Be3 Nb4 13. Ne5 Bxe2 14. Qxe2 Ne4 15. Rfc1 f6 16. Nd3 Nxc3 17. Rxc3 Re8 18. Rcc1 a5 19. c5 Nc6 20. Qf3 Bf8 21. Nf4 Re4 22. Ne2 Qd7 23. Nc3 Rxd4 24. Bxd4 Nxd4 25. Qd3 Bxc5 26. h3 Rd8 27. Na4 Ba7 28. Nc5 Bxc5 29. Rxc5 b6 30. Rc3 Ne6 31. Rac1 Nc5 32. Qd4 1/2-1/2

[Event "Balaton op 36th"]
[Site "Balatonlelle"]
[Date "2018.06.13"]
[Round "2"]
[White "Atkins, Rita"]
[Black "Suta, Andraz"]
[Result "1-0"]
[WhiteElo "2071"]
[BlackElo "2239"]
[PlyCount "89"]
[EventDate "2018.06.12"]
[EventType "swiss"]
[EventRounds "9"]
[EventCountry "HUN"]
[SourceTitle "CBM 185 Extra"]
[Source "ChessBase"]
[SourceDate "2018.07.29"]
[SourceVersion "1"]
[SourceVersionDate "2018.07.29"]
[SourceQuality "1"]

1. d4 Nf6 2. Bg5 d5 3. e3 c5 4. Bxf6 gxf6 5. dxc5 Nc6 6. Nf3 e6 7. Nc3 Bxc5 8. Be2 f5 9. a3 Bd7 10. b4 Be7 11. 0-0 Bf6 12. Qd2 0-0 13. Rad1 Qe7 14. Nb5 Rfd8 15. Nbd4 Rac8 16. b5 Ne5 17. Nxe5 Bxe5 18. f4 Bf6 19. Bd3 Kh8 20. Kh1 Rg8 21. a4 Rg6 22. Rg1 Rcg8 23. c4 Rh6 24. h3 Bxd4 25. exd4 Rg3 26. Bf1 dxc4 27. d5 exd5 28. Qxd5 Be6 29. Qd4+ Qf6 30. Qxa7 Rhg6 31. Qxb7 Qh4 32. Qb8+ Kg7 33. Qe5+ Kh6 34. b6 Qh5 35. Qe2 Qh4 36. a5 Bc8 37. Qe8 Bb7 38. Qf8+ Kh5 39. Be2+ Bf3 40. Bxf3+ Rxf3 41. g4+ Rxg4 42. Qxf7+ Kh6 43. Rd6+ Rg6 44. Rdxg6+ hxg6 45. Qxg6# 1-0

[Event "BCF-chT1d 1718 (4NCL) Demotion pool"]
[Site "England"]
[Date "2018.03.18"]
[Round "8.88"]
[White "Stockwell, Mark B"]
[Black "Atkins, Rita"]
[Result "1/2-1/2"]
[WhiteElo "2012"]
[BlackElo "2079"]
[PlyCount "25"]
[EventDate "2017.11.11"]
[EventType "team-swiss"]
[EventRounds "11"]
[EventCountry "ENG"]
[SourceTitle "EXT 2019"]
[Source "ChessBase"]
[SourceDate "2018.10.10"]
[SourceVersion "1"]
[SourceVersionDate "2018.10.10"]
[SourceQuality "1"]
[WhiteTeam "The ADS"]
[BlackTeam "Blackthorne Russia"]
[WhiteTeamCountry "ENG"]
[BlackTeamCountry "ENG"]

1. Nf3 d5 2. g3 c6 3. Bg2 Bg4 4. c4 e6 5. Qb3 Qb6 6. Qc2 Nd7 7. b3 Ngf6 8. 0-0 Rc8 9. Bb2 Be7 10. d3 0-0 11. Nbd2 h6 12. Bc3 c5 13. cxd5 1/2-1/2

[Event "BCF-chT1b 1718 (4NCL)"]
[Site "England"]
[Date "2018.01.14"]
[Round "4.58"]
[White "Atkins, Rita"]
[Black "Khoo, Selina"]
[Result "1-0"]
[WhiteElo "2079"]
[BlackElo "1979"]
[PlyCount "71"]
[EventDate "2017.11.11"]
[EventType "team-swiss"]
[EventRounds "11"]
[EventCountry "ENG"]
[SourceTitle "EXT 2019"]
[Source "ChessBase"]
[SourceDate "2018.10.10"]
[SourceVersion "1"]
[SourceVersionDate "2018.10.10"]
[SourceQuality "1"]
[WhiteTeam "Blackthorne Russia"]
[BlackTeam "Cheddleton"]
[WhiteTeamCountry "ENG"]
[BlackTeamCountry "ENG"]

1. d4 d5 2. Bf4 Nf6 3. e3 Bg4 4. f3 Bf5 5. c4 c6 6. Nc3 e6 7. Qb3 Qd7 8. g4 Bg6 9. h4 h6 10. cxd5 Nxd5 11. Nxd5 exd5 12. Bh3 b6 13. Ne2 Be7 14. g5 Qb7 15. Kf2 Nd7 16. Rac1 Rc8 17. h5 hxg5 18. hxg6 gxf4 19. gxf7+ Kxf7 20. Nxf4 Bd6 21. Qd3 Bxf4 22. Qf5+ Ke7 23. Qxf4 Rhg8 24. Qh4+ Kf7 25. Rhg1 Rce8 26. Bf5 Nf8 27. Qf4 Ke7 28. Qe5+ Kf7 29. Bg6+ Nxg6 30. Qf5+ Ke7 31. Rxg6 Qd7 32. Qg5+ Kf7 33. Rgxc6 Rc8 34. Qg6+ Ke7 35. Rxc8 Rxc8 36. Qxg7+ 1-0

[Event "BCF-chT1d 1617 (4NCL) Demotion pool"]
[Site "England"]
[Date "2017.04.29"]
[Round "9.58"]
[White "Smith, Lynda"]
[Black "Atkins, Rita"]
[Result "1/2-1/2"]
[WhiteElo "1863"]
[BlackElo "2093"]
[PlyCount "73"]
[EventDate "2016.11.19"]
[EventType "team-tourn"]
[EventRounds "4"]
[EventCountry "ENG"]
[SourceTitle "EXT 2018"]
[Source "ChessBase"]
[SourceDate "2017.10.13"]
[SourceVersion "1"]
[SourceVersionDate "2017.10.13"]
[SourceQuality "1"]
[WhiteTeam "North East England"]
[BlackTeam "Blackthorne Russia"]
[WhiteTeamCountry "ENG"]
[BlackTeamCountry "ENG"]

1. e4 e6 2. d3 d5 3. Nd2 Nf6 4. Ngf3 Nc6 5. g3 dxe4 6. dxe4 Bc5 7. Bg2 e5 8. 0-0 0-0 9. Qe2 Qe7 10. c3 a5 11. Nc4 b6 12. Bg5 Ba6 13. Nfd2 h6 14. Be3 Rfd8 15. Rfd1 b5 16. Bxc5 Qxc5 17. Qe3 Qe7 18. Na3 Rd6 19. Nb3 Rad8 20. Rxd6 Rxd6 21. Nc5 Bc8 22. Nxb5 Ng4 23. Qe2 Rd8 24. Nd3 Be6 25. Na3 h5 26. h3 Nf6 27. Qe3 Nd7 28. f4 f6 29. f5 Bf7 30. Bf3 Nb6 31. Nf2 a4 32. Qe2 Qc5 33. Bxh5 Bxh5 34. Qxh5 Rd2 35. Qe8+ Kh7 36. Qh5+ Kg8 37. Qe8+ 1/2-1/2

[Event "BCF-chT1a 1617 (4NCL)"]
[Site "England"]
[Date "2017.01.14"]
[Round "3.38"]
[White "Atkins, Rita"]
[Black "Davey, Mark"]
[Result "1-0"]
[WhiteElo "2093"]
[BlackElo "2011"]
[PlyCount "95"]
[EventDate "2016.11.19"]
[EventType "team-tourn"]
[EventRounds "7"]
[EventCountry "ENG"]
[SourceTitle "EXT 2018"]
[Source "ChessBase"]
[SourceDate "2017.10.13"]
[SourceVersion "1"]
[SourceVersionDate "2017.10.13"]
[SourceQuality "1"]
[WhiteTeam "Blackthorne Russia"]
[BlackTeam "Kings Head"]
[WhiteTeamCountry "ENG"]
[BlackTeamCountry "ENG"]

1. d4 Nf6 2. Bg5 e6 3. e3 b6 4. Nd2 Bb7 5. Ngf3 c5 6. c3 Be7 7. Bxf6 Bxf6 8. Bd3 Nc6 9. Qe2 d5 10. h4 h6 11. 0-0-0 Qc7 12. Kb1 0-0-0 13. Ba6 Rhe8 14. Bxb7+ Qxb7 15. g4 g6 16. g5 hxg5 17. hxg5 Bg7 18. Rh7 Rg8 19. Nh2 e5 20. dxe5 Nxe5 21. f4 Nc6 22. Ng4 Qd7 23. Kc1 Qf5 24. Nf6 Bxf6 25. Qa6+ Kb8 26. Rxf7 Qc8 27. Qxc8+ Rxc8 28. Rxf6 Ne7 29. Nf3 Rcd8 30. Ne5 Rg7 31. e4 Kc7 32. exd5 Nxd5 33. Rc6+ Kb7 34. Rxg6 Rxg6 35. Nxg6 Rg8 36. Rxd5 Rxg6 37. Kd2 Kc6 38. c4 b5 39. b3 bxc4 40. bxc4 Rg8 41. Ke3 a5 42. a4 Rg7 43. Ke4 Rg8 44. Kf5 Rf8+ 45. Kg4 Rg8 46. Rf5 Kd6 47. Rf6+ Kd7 48. Ra6 1-0

[Event "BCF-chT1a 1415 (4NCL)"]
[Site "England"]
[Date "2015.03.28"]
[Round "7.148"]
[White "Bhatia, Kanwal K"]
[Black "Atkins, Rita"]
[Result "1-0"]
[WhiteElo "2028"]
[BlackElo "2130"]
[PlyCount "85"]
[EventDate "2014.11.15"]
[EventType "team-swiss"]
[EventRounds "11"]
[EventCountry "ENG"]
[SourceTitle "EXT 2016"]
[Source "ChessBase"]
[SourceDate "2015.10.08"]
[SourceVersion "1"]
[SourceVersionDate "2015.10.08"]
[SourceQuality "1"]
[WhiteTeam "Barbican"]
[BlackTeam "Blackthorne Russia"]
[WhiteTeamCountry "ENG"]
[BlackTeamCountry "ENG"]

1. e4 d6 2. d4 Nf6 3. Nc3 c6 4. f4 Qa5 5. Bd3 e5 6. Nf3 Nbd7 7. 0-0 Be7 8. Kh1 0-0 9. Qe1 Qc7 10. Be3 b5 11. Rd1 a6 12. dxe5 dxe5 13. f5 Bb7 14. Qg3 b4 15. Nb1 c5 16. Bh6 Nh5 17. Qh3 Ndf6 18. Be3 c4 19. Be2 Bxe4 20. Ng5 Nf4 21. Bxf4 exf4 22. Nxe4 Nxe4 23. Bf3 Ng5 24. Qg4 Nxf3 25. Qxf3 Rad8 26. Nd2 Bf6 27. b3 cxb3 28. cxb3 Qe5 29. Qg4 Rfe8 30. h3 Qe2 31. Nc4 Qxa2 32. Qf3 h6 33. Kh2 Rxd1 34. Rxd1 Re2 35. Nd6 Qc2 36. Qa8+ Kh7 37. Nxf7 g5 38. Rd7 Bg7 39. f6 Qc3 40. Nxg5+ Kg6 41. Rxg7+ Kf5 42. Qd5+ Re5 43. Qd7+ 1-0

[Event "BCF-chT1a 1415 (4NCL)"]
[Site "England"]
[Date "2014.11.15"]
[Round "1.138"]
[White "Atkins, Rita"]
[Black "Kalaiyalahan, Akshaya"]
[Result "1/2-1/2"]
[WhiteElo "2140"]
[BlackElo "2016"]
[PlyCount "116"]
[EventDate "2014.11.15"]
[EventType "team-swiss"]
[EventRounds "11"]
[EventCountry "ENG"]
[SourceTitle "EXT 2015"]
[Source "ChessBase"]
[SourceDate "2014.11.20"]
[SourceVersion "1"]
[SourceVersionDate "2014.11.20"]
[SourceQuality "1"]
[WhiteTeam "Blackthorne Russia"]
[BlackTeam "Guildford II"]
[WhiteTeamCountry "ENG"]
[BlackTeamCountry "ENG"]

1. d4 d5 2. Bf4 Nf6 3. e3 Bf5 4. Nd2 c6 5. c4 e6 6. Qb3 Qc8 7. Ngf3 Nbd7 8. Be2 Be7 9. 0-0 h6 10. h3 0-0 11. Rac1 Ne4 12. Nxe4 Bxe4 13. Nd2 Bh7 14. Bf3 Nf6 15. Be5 Qd7 16. Rfe1 a5 17. a3 a4 18. Qd1 Rfd8 19. c5 Ra5 20. Nb1 Bxb1 21. Rxb1 Nh7 22. b4 axb3 23. Qxb3 Ra7 24. Qb6 Rda8 25. Re2 Bd8 26. Qb3 Ng5 27. Reb2 Nxf3+ 28. gxf3 Qe7 29. Kh2 f6 30. Bd6 Bc7 31. Bxc7 Qxc7+ 32. Kg2 Kh8 33. Qc2 e5 34. Qg6 Rb8 35. dxe5 fxe5 36. Qd6 Rc8 37. Qxc7 Rxc7 38. a4 Kg8 39. Rb4 Kf8 40. f4 e4 41. f3 exf3+ 42. Kxf3 Re7 43. f5 Kf7 44. e4 dxe4+ 45. Rxe4 Rd7 46. Kf4 Ra5 47. Reb4 Kf6 48. Rxb7 Rxb7 49. Rxb7 Rxa4+ 50. Kf3 Rc4 51. Rc7 Rxc5 52. Kg4 Rc4+ 53. Kh5 Rc3 54. h4 Rc5 55. Kg4 Rc2 56. Kh5 c5 57. Rc6+ Kxf5 58. Rxc5+ Rxc5 1/2-1/2

[Event "BCF-chT1d 1314 (4NCL) Demotion pool"]
[Site "England"]
[Date "2014.03.23"]
[Round "8.178"]
[White "Atkins, Rita"]
[Black "Smith, Lynda"]
[Result "1/2-1/2"]
[WhiteElo "2149"]
[BlackElo "1916"]
[PlyCount "100"]
[EventDate "2013.11.16"]
[EventType "team-tourn"]
[EventRounds "4"]
[EventCountry "ENG"]
[SourceTitle "EXT 2015"]
[Source "ChessBase"]
[SourceDate "2014.11.20"]
[SourceVersion "1"]
[SourceVersionDate "2014.11.20"]
[SourceQuality "1"]
[WhiteTeam "Blackthorne Russia"]
[BlackTeam "Cambridge"]
[WhiteTeamCountry "ENG"]
[BlackTeamCountry "ENG"]

1. d4 f5 2. Nf3 Nf6 3. g3 g6 4. Bg2 Bg7 5. 0-0 0-0 6. b3 c6 7. Bb2 Ne4 8. c4 d6 9. e3 Nd7 10. Nc3 Nxc3 11. Bxc3 Nf6 12. d5 c5 13. a4 h6 14. h4 a5 15. Qc2 Qe8 16. Rae1 Bd7 17. Nd2 g5 18. hxg5 hxg5 19. e4 Qh5 20. f3 fxe4 21. Nxe4 Nxe4 22. Rxe4 Rf7 23. Bxg7 Rxg7 24. Qe2 Re8 25. Kf2 Qg6 26. Rh1 Bf5 27. Re3 Qf6 28. Qd2 b6 29. Ree1 Rh7 30. Rxh7 Kxh7 31. Rh1+ Kg6 32. Bh3 Bxh3 33. Rxh3 Rh8 34. Rxh8 Qxh8 35. Qd3+ Kh6 36. Kg2 Qf6 37. Qe3 Kg7 38. Qe4 Qf7 39. Kh3 Qh5+ 40. Kg2 Qf7 41. Qg4 Kh6 42. f4 gxf4 43. Qxf4+ Qxf4 44. gxf4 Kg6 45. Kf3 Kf5 46. Kg3 Kf6 47. Kg4 Kg6 48. f5+ Kf6 49. Kf4 Kf7 50. Kg5 Kg7 1/2-1/2

[Event "High Wycombe e2e4 op 03"]
[Site "High Wycombe"]
[Date "2014.03.15"]
[Round "2"]
[White "Atkins, Rita"]
[Black "Nettleton, Charlie"]
[Result "1-0"]
[WhiteElo "2144"]
[BlackElo "1910"]
[PlyCount "45"]
[EventDate "2014.03.14"]
[EventType "swiss"]
[EventRounds "5"]
[EventCountry "ENG"]
[SourceTitle "CBM 159 Extra"]
[Source "ChessBase"]
[SourceDate "2014.04.24"]
[SourceVersion "1"]
[SourceVersionDate "2014.04.24"]
[SourceQuality "1"]

1. d4 Nf6 2. Bg5 Ne4 3. Bf4 c5 4. f3 Qa5+ 5. c3 Nf6 6. d5 d6 7. e4 g6 8. Na3 Bg7 9. Nc4 Qd8 10. a4 b6 11. Bd3 0-0 12. Ne2 Nbd7 13. Qd2 Re8 14. 0-0 Ba6 15. Nxd6 exd6 16. Bxa6 Ne5 17. Bg5 Qc7 18. Bb5 Rec8 19. Bxf6 Bxf6 20. f4 Nd7 21. f5 Kg7 22. fxg6 hxg6 23. Qf4 1-0

[Event "Hastings Masters op 89th"]
[Site "Hastings"]
[Date "2014.01.01"]
[Round "5"]
[White "Atkins, Rita"]
[Black "Gordon, Stephen J"]
[Result "0-1"]
[WhiteElo "2176"]
[BlackElo "2519"]
[PlyCount "38"]
[EventDate "2013.12.28"]
[EventType "swiss"]
[EventRounds "9"]
[EventCountry "ENG"]
[SourceTitle "CBM 158 Extra"]
[Source "ChessBase"]
[SourceDate "2014.02.28"]
[SourceVersion "1"]
[SourceVersionDate "2014.02.28"]
[SourceQuality "1"]

1. d4 Nf6 2. Bg5 d5 3. e3 c5 4. Bxf6 gxf6 5. dxc5 Qa5+ 6. Nc3 e6 7. Qh5 Nd7 8. 0-0-0 Qxc5 9. Nf3 a6 10. e4 dxe4 11. Qxc5 Nxc5 12. Nd2 f5 13. Nc4 Bg7 14. Ne2 b5 15. Nb6 Rb8 16. Nxc8 Rxc8 17. Kb1 Ke7 18. Nf4 Na4 19. c3 Bxc3 0-1

[Event "Hastings Masters op 89th"]
[Site "Hastings"]
[Date "2013.12.31"]
[Round "4"]
[White "Halfhide, Sebastian"]
[Black "Atkins, Rita"]
[Result "0-1"]
[WhiteElo "1916"]
[BlackElo "2176"]
[PlyCount "114"]
[EventDate "2013.12.28"]
[EventType "swiss"]
[EventRounds "9"]
[EventCountry "ENG"]
[SourceTitle "CBM 158 Extra"]
[Source "ChessBase"]
[SourceDate "2014.02.28"]
[SourceVersion "1"]
[SourceVersionDate "2014.02.28"]
[SourceQuality "1"]

1. c4 d6 2. Nc3 e5 3. g3 Be7 4. Bg2 Nf6 5. e4 0-0 6. Nge2 Nbd7 7. 0-0 c6 8. d4 Re8 9. b3 a6 10. Be3 Rb8 11. a4 b6 12. d5 c5 13. Nc1 Nf8 14. Nd3 Ng4 15. Bd2 Bg5 16. h3 Bxd2 17. Qxd2 Nh6 18. f4 exf4 19. gxf4 Qh4 20. f5 Nd7 21. Rae1 Ne5 22. Nxe5 Rxe5 23. Qf2 Qf6 24. Qg3 Bd7 25. Qd3 Rbe8 26. Re2 Kh8 27. Qd2 Qh4 28. Rf4 Qg5 29. Rff2 Qd8 30. Kh2 Ng8 31. Bf3 Nf6 32. Rg2 Rg8 33. Rg1 g6 34. fxg6 Rxg6 35. Rxg6 fxg6 36. Qf4 g5 37. Qg3 g4 38. Rg2 Nh5 39. Qf2 gxf3 40. Qxf3 Qf6 41. Qe3 Qf4+ 42. Qxf4 Nxf4 43. Rf2 Rh5 44. Rxf4 Rxh3+ 45. Kg2 Rxc3 46. Rf6 Rxb3 47. Rxd6 Bxa4 48. e5 Kg7 49. e6 Kf6 50. Rd8 Re3 51. Rf8+ Ke5 52. Rh8 Kd4 53. Rxh7 Kxc4 54. Rh5 Re4 55. Rh6 Kxd5 56. e7 Rxe7 57. Rxb6 Bb5 0-1

[Event "Hastings Masters op 89th"]
[Site "Hastings"]
[Date "2013.12.28"]
[Round "1"]
[White "Atkins, Rita"]
[Black "Cafferty, Bernard"]
[Result "1/2-1/2"]
[WhiteElo "2176"]
[BlackElo "2081"]
[PlyCount "30"]
[EventDate "2013.12.28"]
[EventType "swiss"]
[EventRounds "9"]
[EventCountry "ENG"]
[SourceTitle "CBM 158 Extra"]
[Source "ChessBase"]
[SourceDate "2014.02.28"]
[SourceVersion "1"]
[SourceVersionDate "2014.02.28"]
[SourceQuality "1"]

1. d4 e6 2. Bf4 d5 3. e3 c5 4. c3 Nc6 5. Nd2 Qb6 6. Qb3 Be7 7. Ngf3 Nf6 8. h3 0-0 9. Be2 Bd7 10. 0-0 Rfc8 11. Rad1 Be8 12. Ne5 cxd4 13. exd4 Qxb3 14. axb3 Nxe5 15. dxe5 Nd7 1/2-1/2

[Event "BCF-chT3a 0001 (4NCL)"]
[Site "Birmingham"]
[Date "2000.09.23"]
[Round "1.5"]
[White "Ui Laighleis, Gearoidin"]
[Black "Atkins, Rita"]
[Result "1/2-1/2"]
[WhiteElo "2050"]
[BlackElo "2174"]
[PlyCount "67"]
[EventDate "2000.11.26"]
[EventType "team-tourn"]
[EventRounds "7"]
[EventCountry "ENG"]
[SourceTitle "EXT 2002"]
[Source "ChessBase"]
[SourceDate "2001.11.25"]
[SourceVersion "1"]
[SourceVersionDate "2001.11.25"]
[SourceQuality "1"]
[WhiteTeam "Warwicks Select"]
[BlackTeam "Beeson Gregory III"]
[WhiteTeamCountry "ENG"]
[BlackTeamCountry "ENG"]

1. d4 Nf6 2. Nf3 c5 3. e3 e6 4. Nbd2 d5 5. c3 Bd6 6. Bd3 Nbd7 7. 0-0 0-0 8. e4 dxe4 9. Nxe4 Nxe4 10. Bxe4 Nf6 11. Bc2 h6 12. Re1 Qc7 13. Qd3 c4 14. Qe2 b5 15. Ne5 Bb7 16. Qe3 Bd5 17. Qg3 Kh8 18. Qh4 Ng8 19. Re3 Bxe5 20. dxe5 f5 21. exf6 Rxf6 22. Rg3 Raf8 23. Be3 e5 24. Qh5 Ne7 25. Rf1 Nf5 26. Bxf5 Rxf5 27. Qh4 Kh7 28. Qg4 Qf7 29. Qd1 a6 30. Qc2 Kh8 31. Bc5 Rc8 32. Be3 Rf8 33. Bc5 Rc8 34. Be3 1/2-1/2

[Event "BCF-chT 9899 (4NCL)"]
[Site "England"]
[Date "1998.11.22"]
[Round "4.7"]
[White "Palliser, Richard"]
[Black "Atkins, Rita"]
[Result "1/2-1/2"]
[WhiteElo "2175"]
[BlackElo "2215"]
[PlyCount "58"]
[EventDate "1998.10.??"]
[EventType "team"]
[EventRounds "11"]
[EventCountry "ENG"]
[SourceTitle "EXT 2000"]
[Source "ChessBase"]
[SourceDate "1999.11.16"]
[SourceVersion "1"]
[SourceVersionDate "1999.11.16"]
[SourceQuality "1"]
[WhiteTeam "Barbican II"]
[BlackTeam "HH"]
[WhiteTeamCountry "ENG"]
[BlackTeamCountry "ENG"]

1. d4 Nf6 2. c4 g6 3. Nc3 d5 4. cxd5 Nxd5 5. e4 Nxc3 6. bxc3 c5 7. Be3 Bg7 8. Qd2 Qa5 9. Rb1 cxd4 10. cxd4 Qxd2+ 11. Kxd2 0-0 12. Nf3 Rd8 13. Bd3 e6 14. Rhc1 Nc6 15. Rc4 h6 16. e5 Ne7 17. a4 Nd5 18. a5 b6 19. axb6 axb6 20. Be4 Rb8 21. Rc2 b5 22. Ne1 b4 23. Bxd5 exd5 24. Nd3 Bf5 25. Rb3 Bf8 26. Rcb2 Rb5 27. Nxb4 Rdb8 28. Kc3 Rc8+ 29. Kd2 Rcb8 1/2-1/2

[Event "BCF-chT 9899 (4NCL)"]
[Site "England"]
[Date "1998.10.25"]
[Round "2.8"]
[White "Bates, Ruth"]
[Black "Atkins, Rita"]
[Result "1-0"]
[WhiteElo "2035"]
[BlackElo "2215"]
[PlyCount "93"]
[EventDate "1998.10.??"]
[EventType "team"]
[EventRounds "11"]
[EventCountry "ENG"]
[SourceTitle "EXT 2000"]
[Source "ChessBase"]
[SourceDate "1999.11.16"]
[SourceVersion "1"]
[SourceVersionDate "1999.11.16"]
[SourceQuality "1"]
[WhiteTeam "Richmond"]
[BlackTeam "HH"]
[WhiteTeamCountry "ENG"]
[BlackTeamCountry "ENG"]

1. d4 Nf6 2. Bg5 c5 3. Bxf6 gxf6 4. d5 Qb6 5. Qc1 f5 6. e3 Bg7 7. c3 Qg6 8. Nh3 d6 9. g3 Nd7 10. Na3 Ne5 11. Qd1 Qh6 12. Nf4 0-0 13. Bg2 a6 14. Nd3 Rb8 15. Rb1 b5 16. Nc2 a5 17. a3 Ba6 18. Nf4 Nc4 19. Ne2 b4 20. axb4 axb4 21. b3 Na3 22. Nxa3 Bxe2 23. Kxe2 bxa3 24. Qc2 Qf6 25. Rhc1 Rb6 26. Ra1 Ra8 27. Ra2 Qg5 28. h4 Qg6 29. Kd2 Ra7 30. Rca1 Rba6 31. Bf1 Ra5 32. Bd3 e6 33. Rg1 Qh6 34. Rb1 Rc7 35. Rba1 Rca7 36. Rb1 Bf6 37. b4 cxb4 38. cxb4 Rxd5 39. b5 Rc5 40. Qb3 Bc3+ 41. Ke2 f4 42. b6 Rb7 43. Qa4 Ba5 44. Rxa3 Qh5+ 45. f3 fxe3 46. Qe4 d5 47. Qd4 1-0

[Event "BCF-chT 9899 (4NCL)"]
[Site "England"]
[Date "1998.10.24"]
[Round "1.8"]
[White "Atkins, Rita"]
[Black "Jackson, Sheila"]
[Result "1/2-1/2"]
[WhiteElo "2215"]
[BlackElo "2165"]
[PlyCount "74"]
[EventDate "1998.10.??"]
[EventType "team"]
[EventRounds "11"]
[EventCountry "ENG"]
[SourceTitle "EXT 2000"]
[Source "ChessBase"]
[SourceDate "1999.11.16"]
[SourceVersion "1"]
[SourceVersionDate "1999.11.16"]
[SourceQuality "1"]
[WhiteTeam "HH"]
[BlackTeam "Wood Green"]
[WhiteTeamCountry "ENG"]
[BlackTeamCountry "ENG"]

1. d4 Nf6 2. Nf3 e6 3. Bf4 b6 4. e3 Bb7 5. Nbd2 Be7 6. h3 0-0 7. Bd3 d5 8. 0-0 c5 9. c3 Nc6 10. Ne5 Rc8 11. Bh2 Nxe5 12. dxe5 Ne4 13. Re1 Nxd2 14. Qxd2 Qd7 15. Rad1 Rfd8 16. Qe2 g6 17. Qg4 b5 18. Bf4 Bc6 19. h4 h5 20. Qg3 Kg7 21. Bg5 Rc7 22. f4 Rb7 23. e4 Bxg5 24. Qxg5 Qe7 25. Qxe7 Rxe7 26. exd5 Rxd5 27. Be2 Rxd1 28. Rxd1 Rd7 29. Rxd7 Bxd7 30. Bf3 Kf8 31. b4 cxb4 32. cxb4 Ke7 33. Kf2 Kd8 34. Ke3 Kc7 35. Kd4 Kb6 36. g3 Bc6 37. Be2 Bd5 1/2-1/2

[Event "BCF-chT2 9798 (4NCL)"]
[Site "England"]
[Date "1998.05.25"]
[Round "11.5"]
[White "Atkins, Rita"]
[Black "Fletcher, John T"]
[Result "1-0"]
[WhiteElo "2225"]
[BlackElo "2095"]
[PlyCount "51"]
[EventDate "1997.11.??"]
[EventType "team"]
[EventRounds "11"]
[EventCountry "ENG"]
[SourceTitle "EXT 1999"]
[Source "ChessBase"]
[SourceDate "1998.11.16"]
[SourceVersion "1"]
[SourceVersionDate "1998.11.16"]
[SourceQuality "1"]
[WhiteTeam "Simpsons"]
[BlackTeam "Gwent Dragons"]
[WhiteTeamCountry "ENG"]
[BlackTeamCountry "ENG"]

1. e4 c5 2. Nf3 Nc6 3. d4 cxd4 4. Nxd4 Nf6 5. Nc3 e5 6. Ndb5 d6 7. Bg5 a6 8. Na3 b5 9. Bxf6 gxf6 10. Nd5 f5 11. Bd3 Be6 12. Qh5 Bg7 13. 0-0 f4 14. c4 Bxd5 15. exd5 Nb4 16. Be4 Qb6 17. Rfd1 Ke7 18. cxb5 axb5 19. Rac1 Bf6 20. Qe2 Rab8 21. Qe1 Nxa2 22. Rc6 Qa7 23. Bb1 b4 24. Nc4 b3 25. Nxd6 Kf8 26. Nf5 1-0

[Event "BCF-chT2 9798 (4NCL)"]
[Site "England"]
[Date "1998.05.24"]
[Round "1.6"]
[White "Atkins, Rita"]
[Black "Fish, Andrew"]
[Result "0-1"]
[WhiteElo "2225"]
[BlackElo "2115"]
[PlyCount "76"]
[EventDate "1997.11.??"]
[EventType "team"]
[EventRounds "11"]
[EventCountry "ENG"]
[SourceTitle "EXT 1999"]
[Source "ChessBase"]
[SourceDate "1998.11.16"]
[SourceVersion "1"]
[SourceVersionDate "1998.11.16"]
[SourceQuality "1"]
[WhiteTeam "Simpsons"]
[BlackTeam "Nidum Knights"]
[WhiteTeamCountry "ENG"]
[BlackTeamCountry "ENG"]

1. e4 e6 2. d4 d5 3. Nc3 Bb4 4. e5 c5 5. a3 Bxc3+ 6. bxc3 Ne7 7. Nf3 Qa5 8. Qd2 Bd7 9. Be2 Ba4 10. Rb1 Qc7 11. Bb5+ Bxb5 12. Rxb5 Nd7 13. a4 a6 14. Rb3 Nc6 15. 0-0 0-0 16. Qg5 f6 17. exf6 Rxf6 18. Qg3 Rc8 19. Bg5 Rf5 20. Qxc7 Rxc7 21. Rfb1 b6 22. dxc5 Nxc5 23. Rxb6 Nxa4 24. Rxa6 Nxc3 25. Rbb6 Ne5 26. Nd4 Rxg5 27. Nxe6 Nf3+ 28. Kh1 Ne4 29. Rb8+ Kf7 30. Rf8+ Ke7 31. Rxf3 Rxc2 32. g3 Rg6 33. Rb3 Rxe6 34. Rb7+ Kf6 35. Rxe6+ Kxe6 36. Rxg7 d4 37. Rxh7 d3 38. Rh6+ Ke5 0-1